[Event "FIDE Chesscom Grand Swiss 2019"]
[Site "Douglas-Isle of Man"]
[Date "2019.10.15"]
[Round "6.18"]
[White "Svidler, Peter"]
[Black "Lupulescu, Constantin"]
[Result "1/2-1/2"]
[WhiteElo "2729"]
[BlackElo "2643"]
[Annotator "ChessBase"]
[PlyCount "142"]
[EventDate "2019.10.10"]
[EventType "swiss"]
[EventCountry "GBR"]
[SourceTitle "playchess.com"]
[Source "ChessBase"]
[SourceQuality "1"]
[TimeControl "40/6000+30:20/3000+30:900+30"]

1. e4 {[%emt 0:00:00]} e6 {[%emt 0:00:00]} 2. d4 {[%emt 0:00:00]} d5 {[%emt 0:00:00]} 3. e5 {[%emt 0:00:12]} c5 {[%emt 0:00:00]} 4. c3 {[%emt 0:00:05]} Nc6 {[%emt 0:00:00]} 5. Nf3 {[%emt 0:00:06]} Qb6 {[%emt 0:00:07]} 6. a3 {[%emt 0:00:14]} Bd7 {[%emt 0:00:28]} 7. b4 {[%emt 0:03:43]} cxd4 {[%emt 0:01:04]} 8. cxd4 {[%emt 0:00:02]} Rc8 {[%emt 0:00:21]} 9. Bb2 {[%emt 0:14:33]} Nge7 {[%emt 0:03:28]} 10. Qd2 {[%emt 0:16:44]} Nf5 {[%emt 0:08:32]} 11. g4 {[%emt 0:00:20]} Nh6 {[%emt 0:01:02]} 12. Rg1 {[%emt 0:00:50]} f6 {[%emt 0:07:42]} 13. exf6 {[%emt 0:01:32]} gxf6 {[%emt 0:01:13]} 14. Nc3 {[%emt 0:00:07]} Nf7 {[%emt 0:06:10]} 15. h4 {[%emt 0:11:25]} Ne7 {[%emt 0:08:21]} 16. Bd3 {[%emt 0:04:39]} Bg7 {[%emt 0:08:03]} 17. Ne2 {[%emt 0:10:28]} e5 {[%emt 0:08:35]} 18. dxe5 {[%emt 0:01:21]} fxe5 {[%emt 0:00:53]} 19. Nf4 {[%emt 0:01:39]} Rf8 {[%emt 0:10:15]} 20. g5 {[%emt 0:09:56]} d4 {[%emt 0:18:34]} 21. g6 {[%emt 0:11:22]} Bh6 {[%emt 0:01:14]} 22. gxf7+ {[%emt 0:01:38]} Rxf7 {[%emt 0:00:22]} 23. Nxe5 {[%emt 0:00:41]} Rxf4 {[%emt 0:00:50]} 24. Qe2 {[%emt 0:01:38]} Rxh4 {[%emt 0:06:12]} 25. Bxh7 {[%emt 0:07:51]} Bb5 {[%emt 0:03:01]} 26. Bd3 {[%emt 0:00:07]} Bxd3 {[%emt 0:00:42]} 27. Nxd3 {[%emt 0:00:13]} Rc6 {[%emt 0:03:35]} 28. Nc5 {[%emt 0:04:20]} Rg6 {[%emt 0:00:58]} 29. Rf1 {[%emt 0:00:52]} Qc6 {[%emt 0:02:37]} 30. Qd3 {[%emt 0:01:41]} b6 {[%emt 0:02:09]} 31. Nb3 {[%emt 0:00:02]} Qe6+ {[%emt 0:02:10]} 32. Kd1 {[%emt 0:00:02]} Rh3 {[%emt 0:00:04]} 33. Qb5+ {[%emt 0:00:24]} Kf8 {[%emt 0:01:09]} 34. Nxd4 {[%emt 0:00:21]} Qe4 {[%emt 0:01:23]} 35. f3 {[%emt 0:03:42]} Qf4 {[%emt 0:00:49]} 36. Qe2 {[%emt 0:01:42]} Rh2 {[%emt 0:01:14]} 37. Rf2 {[%emt 0:00:11]} Rh1+ {[%emt 0:00:51]} 38. Kc2 {[%emt 0:00:01]} Rxa1 {[%emt 0:00:10]} 39. Bxa1 {[%emt 0:02:14]} Qc1+ {[%emt 0:00:12]} 40. Kb3 {[%emt 0:00:02]} Qxa1 {[%emt 0:00:07]} 41. Qe4 {[%emt 0:51:01]} Qd1+ {[%emt 0:55:04]} 42. Ka2 {[%emt 0:01:08]} Rg1 {[%emt 0:00:00]} 43. Re2 {[%emt 0:00:00]} Qa1+ {[%emt 0:00:00]} 44. Kb3 {[%emt 0:00:00]} Qb1+ {[%emt 0:00:00]} 45. Ka4 {[%emt 0:00:00]} Qxe4 {[%emt 0:00:00]} 46. fxe4 {[%emt 0:00:00]} Rd1 {[%emt 0:00:00]} 47. Nb5 {[%emt 0:00:00]} Nc6 {[%emt 0:00:00]} 48. Rh2 {[%emt 0:00:00]} Kg7 {[%emt 0:00:00]} 49. Rc2 {[%emt 0:00:00]} Rc1 {[%emt 0:00:00]} 50. Rxc1 {[%emt 0:00:00]} Bxc1 {[%emt 0:00:00]} 51. Nd6 {[%emt 0:00:00]} Kf8 {[%emt 0:02:35]} 52. Kb5 {[%emt 0:00:00]} Nd4+ {[%emt 0:00:05]} 53. Kc4 {[%emt 0:00:00]} Nc6 {[%emt 0:00:49]} 54. Kb5 {[%emt 0:00:00]} Nd4+ {[%emt 0:00:04]} 55. Kc4 {[%emt 0:00:00]} Ne6 {[%emt 0:00:18]} 56. Nc8 {[%emt 0:00:00]} a6 {[%emt 0:02:08]} 57. Nxb6 {[%emt 0:00:00]} Bxa3 {[%emt 0:00:09]} 58. Kb3 {[%emt 0:00:00]} Bc1 {[%emt 0:00:13]} 59. Ka4 {[%emt 0:00:00]} Bd2 {[%emt 0:01:39]} 60. Ka5 {[%emt 0:00:00]} Nc5 {[%emt 0:00:21]} 61. Nd5 {[%emt 0:00:16]} Kf7 {[%emt 0:15:36]} 62. Nc7 {[%emt 0:00:53]} Nxe4 {[%emt 0:00:30]} 63. Nxa6 {[%emt 0:00:06]} Ke6 {[%emt 0:00:10]} 64. Kb5 {[%emt 0:00:06]} Kd5 {[%emt 0:00:17]} 65. Nc7+ {[%emt 0:00:10]} Kd4 {[%emt 0:00:09]} 66. Ne6+ {[%emt 0:00:06]} Ke5 {[%emt 0:00:06]} 67. Nc5 {[%emt 0:00:07]} Nd6+ {[%emt 0:00:07]} 68. Kc6 {[%emt 0:00:05]} Nf5 {[%emt 0:00:31]} 69. Nd7+ {[%emt 0:00:28]} Ke6 {[%emt 0:00:30]} 70. Nc5+ {[%emt 0:00:06]} Ke7 {[%emt 0:00:05]} 71. Nd3 {[%emt 0:00:08]} Nd4+ {[%emt 0:00:50]} 1/2-1/2

[Event "FIDE Chesscom Grand Swiss 2019"]
[Site "Douglas-Isle of Man"]
[Date "2019.10.15"]
[Round "6.18"]
[White "Tari, Aryan"]
[Black "Christiansen, Johan-Sebastian"]
[Result "1-0"]
[WhiteElo "2630"]
[BlackElo "2558"]
[Annotator "RC"]
[PlyCount "61"]
[EventDate "2019.10.10"]
[EventType "swiss"]
[EventCountry "GBR"]
[SourceTitle "playchess.com"]
[Source "ChessBase"]
[SourceQuality "1"]
[TimeControl "40/6000+30:20/3000+30:900+30"]

1. e4 {[%emt 0:00:00]} e6 {[%emt 0:00:06]} 2. d4 {[%emt 0:00:00]} d5 {[%emt 0:00:04]} 3. Nc3 {[%emt 0:00:05]} Nf6 {[%emt 0:00:31]} 4. e5 {[%emt 0:00:23]} Nfd7 {[%emt 0:00:05]} 5. f4 {[%emt 0:00:13]} c5 {[%emt 0:00:02]} 6. Nf3 {[%emt 0:00:18]} Nc6 {[%emt 0:00:04]} 7. Ne2 {[%emt 0:00:30]} Be7 {[%emt 0:02:53]} 8. c3 {[%emt 0:01:29]} Qb6 {[%emt 0:02:37]} 9. g3 {[%emt 0:00:32]} O-O {[%emt 0:04:57]} 10. Bh3 {[%emt 0:00:54]} a5 {[%emt 0:06:46]} 11. O-O {[%emt 0:07:31]} Qc7 {[%emt 0:09:31]} 12. Be3 {[%emt 0:10:50]} b5 {[%emt 0:04:57]} 13. g4 {[%emt 0:16:25]} f6 {[%emt 0:15:32]} 14. exf6 {[%emt 0:07:30]} Nxf6 {[%emt 0:01:19]} 15. Ng3 {[%emt 0:01:06]} b4 {[%emt 0:04:58]} 16. Qc2 {[%emt 0:12:06]} bxc3 {[%emt 0:03:26]} 17. bxc3 {[%emt 0:01:46]} Bd6 {[%emt 0:04:59]} 18. g5 {[%emt 0:07:41]} Ne8 {[%emt 0:03:39]} 19. Ne2 {[%emt 0:03:22]} cxd4 {[%emt 0:08:44]} 20. Nfxd4 {[%emt 0:02:53]} Nxd4 {[%emt 0:02:21]} 21. Nxd4 {[%emt 0:00:47]} Bxf4 {[%emt 0:04:03]} 22. Bxe6+ {[%emt 0:01:52]} Kh8 {[%emt 0:20:37]} 23. Bxf4 {[%emt 0:03:29]} Rxf4 {[%emt 0:00:16]} 24. Bxd5 {[%emt 0:00:23]} Rb8 {[%emt 0:02:52]} 25. Qe4 {[%emt 0:01:27]} Be6 {[%emt 0:05:22]} 26. Bxe6 {[%emt 0:02:40]} Rxf1+ {[%emt 0:00:59]} 27. Rxf1 {[%emt 0:00:05]} Nd6 {[%emt 0:00:08]} 28. Qf4 {[%emt 0:00:39]} Qd8 {[%emt 0:01:05]} 29. c4 {[%emt 0:01:09]} a4 {[%emt 0:01:02]} 30. c5 {[%emt 0:00:16]} Ne4 {[%emt 0:00:04]} 31. Nc6 {[%emt 0:00:59]} 1-0

[Event "FIDE Chesscom Grand Swiss 2019"]
[Site "Douglas-Isle of Man"]
[Date "2019.10.15"]
[Round "6.19"]
[White "Bu, Xiangzhi"]
[Black "Zhang, Zhong"]
[Result "1/2-1/2"]
[WhiteElo "2721"]
[BlackElo "2636"]
[Annotator "TA"]
[PlyCount "64"]
[EventDate "2019.10.10"]
[EventType "swiss"]
[EventCountry "GBR"]
[SourceTitle "playchess.com"]
[Source "ChessBase"]
[SourceQuality "1"]

{[%evp 14,64,40,27,14,20,10,2,0,0,1,0,0,0,0,0,1,6,4,2,28,0,0,0,14,12,16,0,0,0,0,0,0,0,0,0,0,0,0,0,0,0,0,0,0,0,0,0,0,0,0,0,0]} 1. Nf3 d5 2. d4 Nf6 3. c4 dxc4 4. e3 e6 5. Bxc4 c5 6. O-O Nc6 7. Qe2 a6 8. Nc3 b5 {D28: Queen's Gambit Accepted: Classical main line: 7 Qe2 with early ...Nc6} 9. Bd3 (9. Bb3 Bb7 10. d5 Nxd5 11. Rd1 Be7 12. Bxd5 exd5 13. Nxd5 O-O 14. a4 Na5 15. Nxe7+ Qxe7 16. axb5 axb5 17. Qxb5 {½-½ (40) Matlakov,M (2699)-Popov,I (2608) Yaroslavl 2018}) 9... Bb7 {[%cal Rc5d4]} 10. Rd1 cxd4 11. exd4 Nb4 12. Bg5 {Black must now prevent d5!} Nxd3 13. Rxd3 Be7 $146 ({Predecessor:} 13... Bd5 14. Bxf6 gxf6 15. Nd2 Rg8 16. g3 b4 17. Nxd5 Qxd5 {1-0 (42) Uhlmann,W (2485)-De Andres Gonalons,F (2183) Dresden 2000}) 14. Bxf6 Bxf6 15. d5 O-O {[%cal Re6d5]} 16. dxe6 Qe7 17. Ne5 Qxe6 {The position is equal.} 18. Nd7 Rfe8 19. Qxe6 Rxe6 20. Nc5 Re7 21. Rad1 {Hoping for Rd8+.} b4 22. Nxb7 {aiming for Rd8+.} bxc3 23. Rd8+ {[%mdl 64] [#] Double Attack} Re8 24. Rxa8 Rxa8 25. bxc3 Bxc3 $11 {[%mdl 4096] Endgame KRB-KRN} 26. g4 g6 27. Rd7 Bf6 28. Kg2 Kf8 29. a4 Ke8 30. Rd5 Be7 31. Kf3 Rb8 32. Nc5 Bxc5 {Accuracy: White = 73%, Black = 86%.} 1/2-1/2

[Event "FIDE Chesscom Grand Swiss 2019"]
[Site "Douglas-Isle of Man"]
[Date "2019.10.15"]
[Round "6.19"]
[White "Jones, Gawain C B"]
[Black "Saduakassova, Dinara"]
[Result "1/2-1/2"]
[WhiteElo "2688"]
[BlackElo "2481"]
[Annotator "RC"]
[PlyCount "125"]
[EventDate "2019.10.10"]
[EventType "swiss"]
[EventCountry "GBR"]
[SourceTitle "playchess.com"]
[Source "ChessBase"]
[SourceQuality "1"]
[TimeControl "40/6000+30:20/3000+30:900+30"]

1. e4 {[%emt 0:00:30]} e5 {[%emt 0:00:00]} 2. Nf3 {[%emt 0:00:23]} Nc6 {[%emt 0:00:00]} 3. Bb5 {[%emt 0:00:40]} a6 {[%emt 0:00:00]} 4. Ba4 {[%emt 0:00:04]} Nf6 {[%emt 0:00:00]} 5. O-O {[%emt 0:00:07]} Nxe4 {[%emt 0:00:00]} 6. d4 {[%emt 0:00:41]} b5 {[%emt 0:00:05]} 7. Bb3 {[%emt 0:00:03]} d5 {[%emt 0:00:04]} 8. dxe5 {[%emt 0:00:06]} Be6 {[%emt 0:00:05]} 9. Qe2 {[%emt 0:00:58]} Be7 {[%emt 0:01:08]} 10. Rd1 {[%emt 0:18:18]} O-O {[%emt 0:00:31]} 11. c3 {[%emt 0:04:42]} Nc5 {[%emt 0:23:01]} 12. Bc2 {[%emt 0:01:54]} Bg4 {[%emt 0:09:03]} 13. b4 {[%emt 0:09:36]} Na4 {[%emt 0:02:45]} 14. h3 {[%emt 0:12:15]} Bh5 {[%emt 0:09:03]} 15. Bf4 {[%emt 0:06:21]} Qd7 {[%emt 0:08:16]} 16. c4 {[%emt 0:22:44]} Nb6 {[%emt 0:14:21]} 17. c5 {[%emt 0:06:31]} Nc4 {[%emt 0:02:52]} 18. a3 {[%emt 0:00:08]} Bxf3 {[%emt 0:02:09]} 19. Qd3 {[%emt 0:05:59]} g6 {[%emt 0:01:48]} 20. Qxf3 {[%emt 0:00:05]} N6xe5 {[%emt 0:01:42]} 21. Qxd5 {[%emt 0:00:19]} Qxd5 {[%emt 0:02:00]} 22. Rxd5 {[%emt 0:00:04]} Bf6 {[%emt 0:03:53]} 23. Ra2 {[%emt 0:01:31]} c6 {[%emt 0:04:16]} 24. Rd1 {[%emt 0:00:23]} Rfd8 {[%emt 0:01:34]} 25. Nd2 {[%emt 0:02:37]} Nxd2 {[%emt 0:05:47]} 26. Rxd2 {[%emt 0:00:39]} Rxd2 {[%emt 0:03:05]} 27. Bxd2 {[%emt 0:00:04]} Rd8 {[%emt 0:00:51]} 28. Be4 {[%emt 0:00:46]} Rd4 {[%emt 0:08:02]} 29. f3 {[%emt 0:00:07]} Bg7 {[%emt 0:00:24]} 30. Bc3 {[%emt 0:03:19]} Rd1+ {[%emt 0:00:49]} 31. Kf2 {[%emt 0:00:09]} f5 {[%emt 0:00:59]} 32. Bc2 {[%emt 0:05:56]} Rc1 {[%emt 0:01:31]} 33. Bd2 {[%emt 0:02:11]} Rh1 {[%emt 0:00:05]} 34. Bf4 {[%emt 0:03:11]} Nc4 {[%emt 0:00:25]} 35. g4 {[%emt 0:00:35]} Bd4+ {[%emt 0:03:58]} 36. Ke2 {[%emt 0:00:07]} Be5 {[%emt 0:00:30]} 37. Bxe5 {[%emt 0:01:33]} Nxe5 {[%emt 0:00:04]} 38. gxf5 {[%emt 0:00:21]} Rxh3 {[%emt 0:01:09]} 39. fxg6 {[%emt 0:00:48]} hxg6 {[%emt 0:00:16]} 40. Ke3 {[%emt 0:01:55]} Nc4+ {[%emt 0:00:35]} 41. Kf4 {[%emt 0:06:24]} g5+ {[%emt 0:07:40]} 42. Kg4 {[%emt 0:05:23]} Rh2 {[%emt 0:06:58]} 43. Kxg5 {[%emt 0:03:51]} Kg7 {[%emt 0:08:52]} 44. Bb1 {[%emt 0:06:06]} Rxa2 {[%emt 0:04:55]} 45. Bxa2 {[%emt 0:00:04]} Nxa3 {[%emt 0:00:06]} 46. Bb3 {[%emt 0:00:23]} Kf8 {[%emt 0:03:15]} 47. Kf4 {[%emt 0:03:57]} Ke7 {[%emt 0:05:13]} 48. Ke3 {[%emt 0:00:26]} Kf6 {[%emt 0:00:11]} 49. Ke4 {[%emt 0:01:57]} Nb1 {[%emt 0:03:47]} 50. Kd3 {[%emt 0:00:14]} Ke5 {[%emt 0:00:06]} 51. Kc2 {[%emt 0:00:50]} Kd4 {[%emt 0:00:10]} 52. Kxb1 {[%emt 0:00:47]} Kc3 {[%emt 0:00:03]} 53. Bd5 {[%emt 0:00:46]} Kxb4 {[%emt 0:00:04]} 54. Bxc6 {[%emt 0:00:06]} Kxc5 {[%emt 0:00:02]} 55. Be4 {[%emt 0:00:24]} Kd4 {[%emt 0:00:16]} 56. Bc6 {[%emt 0:13:07]} Ke3 {[%emt 0:01:16]} 57. Kc2 {[%emt 0:00:04]} a5 {[%emt 0:00:21]} 58. Kc3 {[%emt 0:00:05]} a4 {[%emt 0:00:22]} 59. Kb4 {[%emt 0:00:05]} Kf4 {[%emt 0:00:15]} 60. Bd5 {[%emt 0:00:24]} Ke3 {[%emt 0:01:01]} 61. Bc6 {[%emt 0:15:37]} Kf4 {[%emt 0:15:10]} 62. Bxb5 {[%emt 0:00:05]} Kxf3 {[%emt 0:00:03]} 63. Kxa4 {[%emt 0:00:04]} 1/2-1/2

[Event "FIDE Chesscom Grand Swiss 2019"]
[Site "Douglas-Isle of Man"]
[Date "2019.10.15"]
[Round "6.20"]
[White "Kasimdzhanov, Rustam"]
[Black "Vidit, Santosh Gujrathi"]
[Result "1/2-1/2"]
[WhiteElo "2657"]
[BlackElo "2718"]
[Annotator "TA"]
[PlyCount "60"]
[EventDate "2019.10.10"]
[EventType "swiss"]
[EventCountry "GBR"]
[SourceTitle "playchess.com"]
[Source "ChessBase"]
[SourceQuality "1"]

{[%evp 11,60,0,0,0,-4,0,25,12,20,28,22,21,24,8,11,11,11,10,49,12,10,16,11,17,16,10,9,0,2,0,0,-52,0,0,0,0,0,0,0,-6,-7,-6,-6,-6,0,0,0,0,0,0,0]} 1. e4 e5 2. Nf3 Nc6 3. Bc4 Bc5 4. c3 Nf6 5. d3 O-O 6. b4 Be7 7. Nbd2 {C54: Giuoco Piano: 4 c3 Nf6, main lines with 5 d4 and 5 d3} d5 8. Bb3 Be6 9. O-O {White has an edge.} dxe4 10. dxe4 Bxb3 11. Qxb3 b5 (11... Qd3 12. Re1 b5 13. a4 a6 14. Nf1 h6 {½-½ (53) Ganguly,S (2615)-So,W (2765) Kolkata 2018}) 12. Bb2 $146 ({Predecessor:} 12. Re1 Qd7 13. Nf1 Qg4 14. h3 Qg6 15. Ng3 {1-0 (55) Guedira,A (1804)-Fayolle,G (1742) Montigny le Bretonneux 2017}) 12... a5 13. a3 Qd3 14. Rfe1 axb4 (14... Qd7 {is interesting.} 15. Rad1 Rfb8 16. Qc2 Bd6 17. Nf1 Qe6) 15. cxb4 (15. Re3 {is more complex.} Qd7 16. cxb4 Bd6 17. Rd1 Rfb8 18. Qc2) 15... Qxb3 16. Nxb3 Nd7 17. Rac1 Ra6 18. Red1 Bd6 19. Ne1 f6 20. Nd3 Nd8 21. g3 (21. Nbc5 $11 Bxc5 22. Nxc5 Nxc5 23. Rxc5 {[%mdl 64] Double Attack}) 21... Rc6 ({Black should try} 21... Nb6 $15) 22. Na5 {The position is equal.} Rxc1 23. Bxc1 Nb8 24. Be3 Nbc6 25. Rc1 Nxa5 26. bxa5 Ne6 27. Rb1 Ra8 28. Rxb5 Bxa3 29. Kf1 c6 30. Rb6 {[#] a6 is the strong threat.} Rxa5 {Accuracy: White = 66%, Black = 67%.} 1/2-1/2

[Event "FIDE Chesscom Grand Swiss 2019"]
[Site "Douglas-Isle of Man"]
[Date "2019.10.15"]
[Round "6.20"]
[White "Baron, Tal"]
[Black "Dubov, Daniil"]
[Result "1-0"]
[WhiteElo "2531"]
[BlackElo "2699"]
[Annotator "RC"]
[PlyCount "131"]
[EventDate "2019.10.10"]
[EventType "swiss"]
[EventCountry "GBR"]
[SourceTitle "playchess.com"]
[Source "ChessBase"]
[SourceQuality "1"]
[TimeControl "40/6000+30:20/3000+30:900+30"]

1. e4 {[%emt 0:00:00]} c5 {[%emt 0:00:02]} 2. Nf3 {[%emt 0:00:00]} Nc6 {[%emt 0:00:07]} 3. d4 {[%emt 0:00:00]} cxd4 {[%emt 0:00:07]} 4. Nxd4 {[%emt 0:00:00]} Nf6 {[%emt 0:00:50]} 5. Nc3 {[%emt 0:00:00]} e6 {[%emt 0:00:08]} 6. Ndb5 {[%emt 0:07:16]} Bc5 {[%emt 0:00:12]} 7. Bf4 {[%emt 0:00:54]} O-O {[%emt 0:00:09]} 8. Bc7 {[%emt 0:00:21]} Qe7 {[%emt 0:00:06]} 9. Bd6 {[%emt 0:00:27]} Bxd6 {[%emt 0:00:03]} 10. Qxd6 {[%emt 0:00:18]} Qd8 {[%emt 0:00:02]} 11. Be2 {[%emt 0:13:44]} a6 {[%emt 0:03:00]} 12. Nc7 {[%emt 0:04:18]} Ra7 {[%emt 0:00:49]} 13. e5 {[%emt 0:01:24]} Nxe5 {[%emt 0:05:22]} 14. Qxe5 {[%emt 0:04:24]} b6 {[%emt 0:01:58]} 15. N7d5 {[%emt 0:05:21]} Nxd5 {[%emt 0:01:07]} 16. Nxd5 {[%emt 0:00:04]} exd5 {[%emt 0:02:24]} 17. O-O-O {[%emt 0:16:29]} Re8 {[%emt 0:01:57]} 18. Qh5 {[%emt 0:00:04]} g6 {[%emt 0:01:19]} 19. Qf3 {[%emt 0:00:04]} d6 {[%emt 0:01:03]} 20. Rd2 {[%emt 0:08:31]} Rae7 {[%emt 0:06:03]} 21. Qf6 {[%emt 0:03:15]} b5 {[%emt 0:08:35]} 22. a3 {[%emt 0:01:33]} Bf5 {[%emt 0:12:16]} 23. Rhd1 {[%emt 0:09:32]} Qc8 {[%emt 0:09:43]} 24. Bd3 {[%emt 0:05:10]} Bxd3 {[%emt 0:09:41]} 25. Rxd3 {[%emt 0:00:03]} a5 {[%emt 0:04:59]} 26. Qxd6 {[%emt 0:06:26]} Rc7 {[%emt 0:05:11]} 27. R3d2 {[%emt 0:01:04]} b4 {[%emt 0:02:26]} 28. a4 {[%emt 0:06:23]} Rc5 {[%emt 0:08:36]} 29. Kb1 {[%emt 0:01:09]} Re6 {[%emt 0:02:50]} 30. Qf4 {[%emt 0:03:37]} Qc6 {[%emt 0:01:45]} 31. b3 {[%emt 0:01:02]} h5 {[%emt 0:00:29]} 32. f3 {[%emt 0:02:41]} Qc8 {[%emt 0:01:27]} 33. g4 {[%emt 0:03:27]} hxg4 {[%emt 0:01:26]} 34. Qxg4 {[%emt 0:00:02]} Qc7 {[%emt 0:02:52]} 35. h4 {[%emt 0:01:03]} Re5 {[%emt 0:02:10]} 36. Rg2 {[%emt 0:02:54]} Kh7 {[%emt 0:03:17]} 37. Qd4 {[%emt 0:01:28]} Rc3 {[%emt 0:02:58]} 38. f4 {[%emt 0:01:34]} Rf5 {[%emt 0:00:30]} 39. Rf1 {[%emt 0:01:08]} Qe7 {[%emt 0:03:29]} 40. h5 {[%emt 0:01:53]} Rxh5 {[%emt 0:00:26]} 41. f5 {[%emt 0:00:59]} Re3 {[%emt 0:09:25]} 42. Ka2 {[%emt 0:03:58]} g5 {[%emt 0:08:31]} 43. Qxd5 {[%emt 0:05:22]} Qc7 {[%emt 0:04:14]} 44. Qd4 {[%emt 0:07:59]} Reh3 {[%emt 0:03:41]} 45. Re1 {[%emt 0:03:47]} Qc3 {[%emt 0:13:08]} 46. Qd7 {[%emt 0:01:00]} Qg7 {[%emt 0:01:36]} 47. Rf2 {[%emt 0:05:00]} Rh2 {[%emt 0:01:49]} 48. Rxh2 {[%emt 0:08:46]} Rxh2 {[%emt 0:00:03]} 49. Qc7 {[%emt 0:00:54]} Rh6 {[%emt 0:01:32]} 50. Re7 {[%emt 0:03:35]} Rf6 {[%emt 0:01:32]} 51. Qxa5 {[%emt 0:01:08]} g4 {[%emt 0:00:21]} 52. Re1 {[%emt 0:02:23]} Qg5 {[%emt 0:05:21]} 53. Rh1+ {[%emt 0:06:07]} Rh6 {[%emt 0:00:49]} 54. Rg1 {[%emt 0:00:38]} Rf6 {[%emt 0:08:33]} 55. Rh1+ {[%emt 0:00:02]} Rh6 {[%emt 0:00:06]} 56. Rg1 {[%emt 0:00:02]} Rf6 {[%emt 0:00:08]} 57. Qxb4 {[%emt 0:02:09]} Qxf5 {[%emt 0:00:02]} 58. Qc4 {[%emt 0:01:01]} Rg6 {[%emt 0:01:29]} 59. Rf1 {[%emt 0:00:04]} Qe5 {[%emt 0:00:09]} 60. Qxf7+ {[%emt 0:00:52]} Kh6 {[%emt 0:00:01]} 61. Qf8+ {[%emt 0:16:18]} Rg7 {[%emt 0:15:11]} 62. Rf5 {[%emt 0:01:54]} Qe7 {[%emt 0:00:02]} 63. Qh8+ {[%emt 0:00:28]} Rh7 {[%emt 0:00:01]} 64. Qd4 {[%emt 0:01:00]} Rg7 {[%emt 0:00:01]} 65. Qf4+ {[%emt 0:01:41]} Rg5 {[%emt 0:00:30]} 66. Rf6+ {[%emt 0:00:04]} 1-0

[Event "FIDE Chesscom Grand Swiss 2019"]
[Site "Douglas-Isle of Man"]
[Date "2019.10.15"]
[Round "6.21"]
[White "Matlakov, Maxim"]
[Black "Papaioannou, Ioannis"]
[Result "1/2-1/2"]
[WhiteElo "2716"]
[BlackElo "2645"]
[Annotator "TA"]
[PlyCount "95"]
[EventDate "2019.10.10"]
[EventType "swiss"]
[EventCountry "GBR"]
[SourceTitle "playchess.com"]
[Source "ChessBase"]
[SourceQuality "1"]

{[%evp 12,95,13,-2,11,15,20,16,20,12,12,8,37,25,17,0,0,0,18,16,22,23,25,15,24,0,0,0,15,0,0,-45,14,0,12,0,56,14,59,59,53,19,22,24,26,22,24,25,24,26,28,29,29,0,0,0,33,33,38,43,39,0,0,0,1020,0,0,0,0,0,0,0,0,0,0,0,0,0,0,0,0,0,0,0,0,0]} 1. d4 Nf6 2. c4 e6 3. Nc3 Bb4 4. f3 c5 5. d5 O-O 6. e4 d6 7. Nge2 a6 {E20: Nimzo-Indian: 4 g3 and 4 f3} 8. Ng3 (8. Nf4 exd5 9. cxd5 Nbd7 10. Be2 Ne5 11. Nd3 Nxd3+ 12. Qxd3 Nd7 13. f4 b5 14. O-O Re8 15. Qc2 {½-½ (36) Aravindh,C (2609)-Adams,M (2694) Khanty-Mansiysk 2019}) 8... exd5 9. cxd5 Nbd7 10. Be2 Re8 11. O-O Nf8 12. a3 Ba5 13. Rb1 b5 {[#]} 14. Be3 $146 ({Predecessor:} 14. b4 Bb6 15. Kh1 {½-½ (36) Sethuraman,S (2576)-Vishnu,P (2465) Sharjah 2014}) 14... Bd7 15. b4 cxb4 16. axb4 Bb6 17. Qd2 Ng6 18. Rfc1 Bxe3+ 19. Qxe3 h5 20. Nh1 h4 21. f4 Bg4 ({Better is} 21... Rc8 $15 22. Nf2 Rxc3 23. Qxc3 Qb6) 22. Bf1 $1 $11 Rc8 {next ...Rxc3! is good for Black.} 23. Nf2 Bd7 (23... Bf5 $11) 24. g3 a5 (24... Rc7 {looks sharper.} 25. Ra1 Qc8 26. Qd2 Ng4 27. Bg2 Nxf2 28. Kxf2 Rc4) 25. Nxb5 Nxd5 26. Qd2 (26. Qf3 {keeps more tension.} Nxb4 27. Nxd6 Rxc1 28. Rxc1 Bg4 29. Qxg4 Qxd6 30. Qf5) 26... hxg3 27. hxg3 Rxc1 28. Rxc1 Ndxf4 $1 29. gxf4 Qh4 30. Nxd6 Qg3+ 31. Kh1 Qh4+ 32. Kg1 (32. Nh3 $5 Bxh3 33. Qh2 $16 (33. Nxe8 Bxf1+ 34. Qh2 Bh3 $11)) 32... Qg3+ 33. Kh1 Qh4+ 34. Nh3 Bxh3 35. Qh2 Rd8 {Strongly threatening ...Bxf1.} 36. Qxh3 Qxf4 37. Nxf7 Rf8 $2 {[%mdl 8192] [#]} (37... Kxf7 $11 38. Qf5+ Qxf5 39. exf5 axb4) 38. Rc8 $2 (38. Ng5 $1 $18 {[%mdl 512]} Qxg5 39. Bc4+ Rf7 40. Bxf7+ Kxf7 {[#]} 41. Rc5 $1 {[%mdl 512]}) 38... Qxe4+ {The position is equal.} 39. Bg2 Qe1+ 40. Kh2 Rxc8 41. Qxc8+ Kxf7 42. Qf5+ {[%mdl 64] Double Attack} Ke7 43. Qg5+ Kf8 44. bxa5 Qe5+ 45. Qxe5 Nxe5 46. a6 {And now a7 would win.} Nd7 47. a7 Nb6 48. a8=B {Accuracy: White = 43%, Black = 62%.} 1/2-1/2